Obras selectas de Julio Verne : El secreto de W. Storitz; La isla de hélice; Claudio Bombarnac: notas de un corresponsal; Dos años de vacaciones /

Shranjeno v:
Bibliografske podrobnosti
Glavni avtor: Verne, Jules (autor)
Drugi avtorji: Verne, Michel (autor) (autor)
Format: Knjiga
Jezik:španščina
Izdano: México : Editorial del Valle de México, 1976, c1976
Teme:
Oznake: Označite
Brez oznak, prvi označite!

MARC

LEADER 00000nam^a2200000^a^4500
001 000306284
005 20250521000000.0
009 20260310112813.418
037 |a Acervo Xavier Clavigero 
041 |a ESP 
082 |a 843.  |b VER V. 1 
100 |a Verne, Jules  |e (autor) 
240 1 1 |a [Viajes extraordinarios a través de los mundos conocidos y desconocidos] 
240 1 1 |a [Claudio Bombarnac] 
240 1 1 |a [Dos años de vacaciones] 
245 1 0 |a Obras selectas de Julio Verne :  |b El secreto de W. Storitz; La isla de hélice; Claudio Bombarnac: notas de un corresponsal; Dos años de vacaciones /  |c J. Verne ; il. de M.A. Sierra ; tr. por L. Palomeque. 
264 4 |a México :  |b Editorial del Valle de México,  |c 1976, c1976 
300 |a 576 p. 
336 |a texto  |b txt  |2 rdacontenido 
337 |a sin mediación  |b n  |2 rdamedio 
338 |a volumen  |b nc  |2 rdasoporte 
500 |a Traducción de: Le secret de Wilhelm Storitz 
500 |a Traducción de: L'île à hélice 
500 |a Traducción de: Claudius Bombarnac 
500 |a Traducción de: Deux ans de vacances 
545 0 |a Nacido en 1828 en Nantes, el frances Jules Verne cursó estudios de Derecho en París, pero incursionó desde su época universitaria en la escritura teatral y su comedia Las pajas rotas fue representada con éxito en 1850. Empero, su popularidad –a la postre mundial- se cimenta con Cinco semanas en globo (1863), título fundacional de la novela de aventuras sustentada en el progreso científico, publicada tres meses después de lograr un acuerdo con el editor Jules Hetzel. A partir de entonces, crea con un esquema narrativo perfeccionado a lo largo de cuatro décadas la serie de Viajes extraordinarios a través de los mundos conocidos y desconocidos, compuesta por más de 60 volúmenes aparecidos entre 1863 y 1911, que entremezclan la divulgación y la anticipación científico-tecnológica y escenarios exóticos y remotos. Viaje al centro de la Tierra (1864), De la Tierra a la Luna (1865), El capitán Hatteras (1866), Los hijos del capitán Grant (1867-1868), Veinte mil leguas de viaje submarino (1869-1870), Alrededor de la Luna (1870), La vuelta al mundo en ochenta días (1873), La isla misteriosa (1874) y Miguel Strogoff (1876) son algunos de los títulos más famosos de la extensa serie. A veces percibido como un admirador ingenuo de la ciencia, Verne escribió en su etapa tardía novelas que reflejan una visión problemática frente a la sabiduría y perfectibilidad del hombre moderno, como las póstumas El eterno Adán (1910) y La extraordinaria aventura de la misión Barsac (1919). Establecido definitivamente en la provincia francesa, tras abandonar París en 1872, con interrupciones para realizar largos viajes por mar, este precursor de la ciencia ficción y uno de los más reputados autores de la literatura fantástica falleció en Amiens en 1905. 
649 |a XX 
650 |a Adolescentes en la Literatura 
650 |a Niños en la Literatura 
650 |a Corresponsales en la Literatura 
650 |a Periodistas en la Literatura 
650 |a Novela de Aventuras -  |z Francia 
650 |a Novela Francesa 
650 |a Literatura de Ciencia-Ficción -  |z Francia 
650 |a Literatura Fantástica -  |z Francia 
650 |a Literatura Francesa -  |y Siglo XIX 
650 |a Literatura Francesa -  |y Siglo XX 
650 |a Naufragios 
650 |a Aislamiento Social 
650 |a Barcos en la Literatura 
650 |a Ferrocarriles de Pasajeros en la Literatura 
650 |a Viajes Marítimos -  |z Oceanía 
650 |a Viajes y Travesías -  |z Oceanía 
650 |a Navegación 
650 |a Viajes y Travesías -  |z China 
650 |a Viajes y Travesías -  |z Asia Central 
650 |a China en la Literatura 
650 |a Asia Central en la Literatura 
650 |a Auckland, Nueva Zelanda en la Literatura 
650 |a Nueva Zelanda en la Literatura 
650 |a Océano Pacífico en la Literatura 
650 |a Mar en la Literatura 
700 |a Verne, Michel  |e (autor) 
740 3 |a El secreto de W. Storitz /  |c J. Verne, M. Verne ; il. de M.A. Sierra ; tr. por L. Palomeque. 
740 3 |a La isla de hélice /  |c J. Verne ; il. de M.A. Sierra ; tr. por L. Palomeque. 
740 0 |a Claudio Bombarnac :  |b notas de un corresponsal /  |c J. Verne ; il. de M.A. Sierra ; tr. por L. Palomeque. 
740 0 |a Dos años de vacaciones /  |c J. Verne ; il. de M.A. Sierra ; tr. por L. Palomeque. 
910 |a Fondo General 
920 |a Impresos - Libros 
930 |a Colección General 
940 |a Literatura 
905 |a 101 
901 |a 058497  |b IT1  |c LIT  |u 20250521 
902 |a https://opac.biblio.iteso.mx/vufind/Record/000306284